000 01237nab a2200205 i 4500
001 768714001
003 CO-MdFUSB
005 20240826104737.0
008 220912r1995 ck ||||| ||| 00| 0 spa d
040 _bspa
_cCO-MdFUSB
_dCO-MdFUSB
041 _aspa
100 _aMartínez, Estefanía,
_eautor
245 1 3 _aLos indios Katios :
_baspectos socio-culturales
_c/ Misionera Estefanía Martínez , Misionera Rubiela Marín
520 _aEl presente trabajo, que constituye una síntesis de los indios Katios y los aspectos socio-culturales, tiene como finalidad dar a conocer la raza emberá Katía y sus valores, además facilitar la evangelización a quienes pretendan ponerse en contacto con estos grupos. Al final se dan unas recomendaciones para todas las personas que están interesadas en la comunidad indígena a fín de que su labor sea positiva y se evite así un choque cultural brusco, que puede ir en detrimento de la misma cultura.
650 7 _96714
_aAntropología cultural y social
700 _aMarín, Rubiela,
_eautor
773 0 _049438
_981258
_dCentro Antropológico Colombiano
_oR1694
_tEthnia
_w(CO-MdFUSB)768714001
_gVolumen 76, (octubre, 1995), páginas: 5 - 74
_qpágina: 5
942 _cANA
945 _aAF
999 _c68133
_d68133